| 000 | 00815 am a22002415a 4500 | ||
|---|---|---|---|
| 008 | 931004s1993 enkab b 00100 eng d | ||
| 020 | _a1857280598 | ||
| 020 | _a9781857280593 | ||
| 040 |
_aJNA _cJNA _dNYP _dIUL _dEG-ScBUE _beng |
||
| 043 | _ae-uk--- | ||
| 082 | 0 | 4 |
_222 _a381 _bRET |
| 245 | 0 | 0 |
_aRetail change : _bcontemporary issues / _cedited by Rosemary D. F. Bromley, Colin J. Thomas. |
| 260 |
_aLondon : _bUCL Press, _c1993. |
||
| 300 |
_axi, 283 p. : _bill. ; _c24 cm. |
||
| 504 | _aIncludes bibliographical references and index. | ||
| 541 | _aDonation from David Kirby. | ||
| 650 | 7 |
_aRetail trade _xSocial aspects _zGreat Britain. _2BUEsh |
|
| 651 | _2BUEsh | ||
| 653 |
_bGGEN _bBUSECO _cJanuary2018 |
||
| 700 | 1 | 7 |
_aBromley, Rosemary D. F., _eeditor. |
| 700 | 1 | 7 |
_aThomas, Colin J., _eeditor. |
| 942 | _2ddc | ||
| 999 |
_c26035 _d26007 |
||